Recuerdos de mi vida (Record no. 91089)

MARC details
000 -LEADER
campo de control de longitud fija 00692nam a2200193 i 4500
001 - NÚMERO DE CONTROL
campo de control 91089
003 - IDENTIFICADOR DE NÚMERO DE CONTROL
campo de control ES-MaACL
005 - FECHA Y HORA DE LA ÚLTIMA TRANSACCIÓN
campo de control 20230906180632.0
007 - CAMPO FIJO DE DESCRIPCIÓN FÍSICA--INFORMACIÓN GENERAL
campo de control de longitud fija t|
008 - DATOS DE LONGITUD FIJA--INFORMACIÓN GENERAL
campo de control de longitud fija 050127s1958 sp ||||1| spa d
100 1# - ENTRADA PRINCIPAL--NOMBRE DE PERSONA
Nombre de persona Leriche, René.
9 (RLIN) 71771
245 10 - MENCIÓN DEL TÍTULO
Título Recuerdos de mi vida
Resto del título : memorias del Cirujano del Dolor /
Mención de responsabilidad, etc. René Leriche ; prólogo de P. Lain Entralgo ; versión española de Rafael Thomas Mendaza.
260 ## - PUBLICACIÓN, DISTRIBUCIÓN, ETC.
Lugar de publicación, distribución, etc. Madrid :
Nombre del editor, distribuidor, etc. Cultura Clásica y Moderna,
Fecha de publicación, distribución, etc. 1958 (
Fabricante Tejario)
300 ## - DESCRIPCIÓN FÍSICA
Extensión 310 p., 7 lám. ;
Dimensiones 19 cm.
700 1# - ENTRADA AGREGADA--NOMBRE PERSONAL
Nombre de persona Laín Entralgo, Pedro,
Fechas asociadas al nombre 1908-2001
9 (RLIN) 69681
700 0# - ENTRADA AGREGADA--NOMBRE PERSONAL
Nombre de persona Mendoza, Rafael Thomas.
9 (RLIN) 80256
852 ## - LOCALIZACIÓN
Ubicación ES-MaACL
Número de control de estantería C-14892
Sublocalización o colección R.42940
Holdings
Estatus retirado Estado de pérdida Estado de daño No para préstamo Biblioteca de origen Biblioteca actual Ubicación en estantería Fecha de adquisición Fuente de adquisición Total de préstamos Signatura topográfica completa Código de barras Visto por última vez Precio de reemplazo Tipo de ítem Koha
        Biblioteca del Ateneo de Madrid Biblioteca del Ateneo de Madrid Ficheros 17/01/2008     C-14892 1095102 23/02/2023 23/02/2023 Libro impreso